Onion Dishes - Sudden Death - Statistics

General Stats
  • This quiz has been taken 70 times
    53 since last reset
  • The average score is 6 of 16
Answers on the Grid
Answers color-coded by a green-red scale on the quiz's grid according to % correct below.
French onion soup
Onion rings
Mujaddara
Beef bourguignon
Liver and onions
Pissaladière
Flammekueche
Pajeon
Crying tiger / Suea rong hai
Greek salad
Tartiflette
Kachumbari
Guacamole
Yassa
Kottenbutter
Lasagna bolognese
Yayla çorbası
Fårikål
Caprese salad
BLT
Cacio e pepe
Pesto rigatoni
Fettuccine Alfredo
Shrimp tempura
Jambon-beurre
Waldorf salad
Peanut butter and jelly sandwich
Toast Hawaii
 
Answer Stats
Answer % Correct
Onion rings
85%
Liver and onions
80%
French onion soup
78%
Greek salad
56%
Beef bourguignon
54%
Lasagna bolognese
49%
Guacamole
34%
Flammekueche
29%
Crying tiger / Suea rong hai
27%
Pissaladière
27%
Tartiflette
24%
Kachumbari
22%
Pajeon
22%
Mujaddara
17%
Yassa
10%
Kottenbutter
7%
No matching quizzes found
Score Distribution
Percent of People with Each Score
Percentile by Number Answered
Your Score History
You have not taken this quiz since the last reset